Statistics for Guess The Story Depicted in The Painting

Click here to take the quiz!

General Stats

  • This quiz has been taken 16 times
  • The average score is 7 of 16

Answer Stats

Answer% Correct
Alice in Wonderland
88%
Gulliver's Travels
69%
Narcissus and Echo (Metamorphoses)
69%
The Tower of Babel (Bible)
69%
Don Quixote
63%
Moby Dick
63%
The Odyssey
50%
Hamlet
44%
Faust
31%
Inferno (The Divine Comedy)
31%
Oedipus Rex
31%
The Sleeping Beauty
31%
A Midsummer Night's Dream
19%
Baba Yaga (Vasilisa The Beautiful)
19%
Orpheus and Eurydice (Metamorphoses)
0%
The Ghost of Oiwa
0%

Score Distribution

Percentile by Number Answered

Percent of People with Each Score

Your Score History

You have not taken this quiz